Podmienky a požiadavky efektívnej činnosti riadiaceho subjektu v adaptabilných organizačných štruktúrach záverečná správa čiastkovej výskumnej ulohy ŠPZV VIII-3-4-20/IRB-3/1

Saved in:
Bibliographic Details
Format: Book
Language:Slovak
Published: Bratislava VŠE 1982
Tags: Add Tag
No Tags, Be the first to tag this record!

MARC

LEADER 00000nam a2200000 4500
001 c034321
005 20260325123722.6
041 0 |a slo 
044 |a SK 
245 1 0 |a Podmienky a požiadavky efektívnej činnosti riadiaceho subjektu v adaptabilných organizačných štruktúrach  |b záverečná správa čiastkovej výskumnej ulohy ŠPZV VIII-3-4-20/IRB-3/1 
264 1 |a Bratislava  |b VŠE  |c 1982 
300 |a 104 s.